|
|
|
|
| LEADER |
00000nam0a2200000 4500 |
| 001 |
36470 |
| 005 |
20231031001939.0 |
| 010 |
|
|
|a 5217009993
|
| 035 |
|
|
|a (RuTPU)RU\TPU\book\36943
|
| 035 |
|
|
|a BOOK00003595
|
| 090 |
|
|
|a 36470
|
| 100 |
|
|
|a 20011210d1990 km y0rusy50 ca
|
| 101 |
0 |
|
|a rus
|
| 102 |
|
|
|a RU
|
| 105 |
|
|
|a a z 001zy
|
| 200 |
1 |
|
|a Автоматизированное проектирование систем автоматического управления
|f Под ред. В. В. Солодовникова
|
| 210 |
|
|
|a Москва
|c Машиностроение
|d 1990
|
| 215 |
|
|
|a 334 с.
|c ил.
|
| 320 |
|
|
|a Библиогр.: с. 333-335 (63 назв.).
|
| 610 |
1 |
|
|a автоматические системы
|
| 610 |
1 |
|
|a управление
|
| 610 |
1 |
|
|a проектирование
|
| 610 |
1 |
|
|a автоматизация
|
| 610 |
1 |
|
|a дискретные системы
|
| 610 |
1 |
|
|a дискретно-непрерывные системы
|
| 610 |
1 |
|
|a программное обеспечение
|
| 610 |
1 |
|
|a моделирование
|
| 675 |
|
|
|a 681.51.001.6
|v 3
|
| 702 |
|
1 |
|a Солодовников
|b В. В.
|g Владимир Викторович
|4 340
|
| 801 |
|
0 |
|a RU
|b 63413507
|c 20011210
|g PSBO
|
| 801 |
|
2 |
|a RU
|b 63413507
|c 20031002
|g PSBO
|
| 801 |
|
2 |
|a RU
|b 63413507
|c 20210128
|g PSBO
|
| 900 |
|
|
|a Системы автоматизированного проектирования
|
| 900 |
|
|
|a Автоматизация проектирования систем и средств управления
|
| 942 |
|
|
|c BK
|